=LDR 00000nam 2200000 4500 =001 INLIS000000000032621 =005 20130612134624 =008 ***********************************ind** =035 ##$$0010-061300000032621 =041 ##$$a ind =082 ##$$a 028.5 =090 ##$$a 028.5, Mah d =100 ##$$a MAHARANI =245 ##$$a Djaheel The Naughty Monkey, Maharani ; Penyunting, Eva yuliana =260 ##$$a 2007 $b Jakarta =300 ##$$a 36 hlm, il;lus, 21 cm =650 ##$$a Bacaan Kanak-kanak =700 ##$$a Yuliana, Eva =850 ##$$a NBPNMAT =990 ##$$a 08200820 =990 ##$$a 21002531